000 00559nam a2200193 a 4500
008
049 9 9 _aMAIN
090 0 0 _aTJ1075
245 0 0 _aLubrication theory and its applications/
_cBritish Petroleum Company.
260 _aLondon:
_bB. P. Trading,
_c1969.
300 _a119 p.:
_bill.
_c22 cm.
650 0 _aLubrication and lubricants.
710 2 0 _aBritish Petroleum Company.
907 _a.b10163062
_b17-05-05
_c11-05-05
003
005 20230123134010.0
040 _cNUST
942 _cBOOKS
_kTJ1075
999 _c158257
_d158257